000 00518nam a2200193Ia 4500
003 OSt
005 20250310142127.0
008 210210b1973 xxu||||| |||| 00| 0 eng d
040 _cAL
041 _aKannada
082 _aK894.3 INDY
100 _aINDIRA (M K).
_9129515
_dಇಂದಿರಾ (ಎಂ ಕೆ)
245 _aYaru hitavaru?
_bಯಾರು ಹಿತವರು
260 _aBengaluru
_bEs Ar Prakashana
_c1973
300 _a214
690 _aKannada Fiction
_9129516
906 _a030473
942 _2ddc
_cBK
999 _c81746
_d81746